<?xml version="1.0" encoding="UTF-8"?>
<record
    xmlns:xsi="http://www.w3.org/2001/XMLSchema-instance"
    xsi:schemaLocation="http://www.loc.gov/MARC21/slim http://www.loc.gov/standards/marcxml/schema/MARC21slim.xsd"
    xmlns="http://www.loc.gov/MARC21/slim">

  <leader>00442nam a22001697a 4500</leader>
  <controlfield tag="008">190207b           ||||| |||| 00| 0 eng d</controlfield>
  <datafield tag="020" ind1=" " ind2=" ">
    <subfield code="a">9781509505418</subfield>
  </datafield>
  <datafield tag="082" ind1=" " ind2=" ">
    <subfield code="a">610.73 DEN</subfield>
  </datafield>
  <datafield tag="100" ind1=" " ind2=" ">
    <subfield code="a"> Denny, Elaine | Earle, Sarah | Hewison, Alistair</subfield>
  </datafield>
  <datafield tag="245" ind1=" " ind2=" ">
    <subfield code="a">Sociology for nurses.</subfield>
  </datafield>
  <datafield tag="250" ind1=" " ind2=" ">
    <subfield code="a">3rd ed.</subfield>
  </datafield>
  <datafield tag="300" ind1=" " ind2=" ">
    <subfield code="a">xvi, 364 p.</subfield>
    <subfield code="c">25 cm.</subfield>
  </datafield>
  <datafield tag="600" ind1=" " ind2=" ">
    <subfield code="a">Denny, Elaine.</subfield>
  </datafield>
  <datafield tag="600" ind1=" " ind2=" ">
    <subfield code="a">Earle, Sarah</subfield>
  </datafield>
  <datafield tag="600" ind1=" " ind2=" ">
    <subfield code="a">Hewison, Alistair.</subfield>
  </datafield>
  <datafield tag="942" ind1=" " ind2=" ">
    <subfield code="2">ddc</subfield>
  </datafield>
  <datafield tag="999" ind1=" " ind2=" ">
    <subfield code="c">7623</subfield>
    <subfield code="d">7623</subfield>
  </datafield>
  <datafield tag="952" ind1=" " ind2=" ">
    <subfield code="0">0</subfield>
    <subfield code="1">0</subfield>
    <subfield code="2">ddc</subfield>
    <subfield code="4">0</subfield>
    <subfield code="7">0</subfield>
    <subfield code="8">MAIN</subfield>
    <subfield code="a">RTCLIB</subfield>
    <subfield code="b">RTCLIB</subfield>
    <subfield code="c">MAIN</subfield>
    <subfield code="d">2019-02-07</subfield>
    <subfield code="h">13386</subfield>
    <subfield code="l">14</subfield>
    <subfield code="m">12</subfield>
    <subfield code="o">610.73 DEN</subfield>
    <subfield code="p">30013020</subfield>
    <subfield code="r">2024-08-29 00:00:00</subfield>
    <subfield code="s">2024-08-23</subfield>
    <subfield code="w">2019-02-07</subfield>
    <subfield code="y">MAIN</subfield>
  </datafield>
  <datafield tag="952" ind1=" " ind2=" ">
    <subfield code="0">0</subfield>
    <subfield code="1">0</subfield>
    <subfield code="2">ddc</subfield>
    <subfield code="4">0</subfield>
    <subfield code="7">0</subfield>
    <subfield code="8">MAIN</subfield>
    <subfield code="a">RTCLIB</subfield>
    <subfield code="b">RTCLIB</subfield>
    <subfield code="c">MAIN</subfield>
    <subfield code="d">2019-02-15</subfield>
    <subfield code="h">13446</subfield>
    <subfield code="l">10</subfield>
    <subfield code="m">10</subfield>
    <subfield code="o">610.73 DEN</subfield>
    <subfield code="p">30013463</subfield>
    <subfield code="r">2024-09-04 00:00:00</subfield>
    <subfield code="s">2024-08-13</subfield>
    <subfield code="w">2019-02-15</subfield>
    <subfield code="y">MAIN</subfield>
  </datafield>
  <datafield tag="952" ind1=" " ind2=" ">
    <subfield code="0">0</subfield>
    <subfield code="1">0</subfield>
    <subfield code="2">ddc</subfield>
    <subfield code="4">0</subfield>
    <subfield code="7">0</subfield>
    <subfield code="8">MAIN</subfield>
    <subfield code="a">RTCLIB</subfield>
    <subfield code="b">RTCLIB</subfield>
    <subfield code="c">MAIN</subfield>
    <subfield code="d">2019-02-07</subfield>
    <subfield code="h">18734</subfield>
    <subfield code="o">610.73 DEN C.1</subfield>
    <subfield code="p">30019916</subfield>
    <subfield code="r">2024-09-02 00:00:00</subfield>
    <subfield code="w">2019-02-07</subfield>
    <subfield code="y">MAIN</subfield>
  </datafield>
  <datafield tag="952" ind1=" " ind2=" ">
    <subfield code="0">0</subfield>
    <subfield code="1">0</subfield>
    <subfield code="2">ddc</subfield>
    <subfield code="4">0</subfield>
    <subfield code="7">0</subfield>
    <subfield code="8">MAIN</subfield>
    <subfield code="a">RTCLIB</subfield>
    <subfield code="b">RTCLIB</subfield>
    <subfield code="c">MAIN</subfield>
    <subfield code="d">2019-02-07</subfield>
    <subfield code="h">18735</subfield>
    <subfield code="l">0</subfield>
    <subfield code="o">610.73 DEN C.2</subfield>
    <subfield code="p">30019860</subfield>
    <subfield code="r">2024-09-02 00:00:00</subfield>
    <subfield code="w">2019-02-07</subfield>
    <subfield code="y">MAIN</subfield>
  </datafield>
  <datafield tag="952" ind1=" " ind2=" ">
    <subfield code="0">0</subfield>
    <subfield code="1">0</subfield>
    <subfield code="2">ddc</subfield>
    <subfield code="4">0</subfield>
    <subfield code="7">0</subfield>
    <subfield code="8">MAIN</subfield>
    <subfield code="a">RTCLIB</subfield>
    <subfield code="b">RTCLIB</subfield>
    <subfield code="c">MAIN</subfield>
    <subfield code="d">2019-02-07</subfield>
    <subfield code="h">18736</subfield>
    <subfield code="l">0</subfield>
    <subfield code="o">610.73 DEN C.3</subfield>
    <subfield code="p">30019859</subfield>
    <subfield code="r">2024-09-02 00:00:00</subfield>
    <subfield code="w">2019-02-07</subfield>
    <subfield code="y">MAIN</subfield>
  </datafield>
  <datafield tag="952" ind1=" " ind2=" ">
    <subfield code="0">0</subfield>
    <subfield code="1">0</subfield>
    <subfield code="2">ddc</subfield>
    <subfield code="4">0</subfield>
    <subfield code="7">0</subfield>
    <subfield code="8">MAIN</subfield>
    <subfield code="a">RTCLIB</subfield>
    <subfield code="b">RTCLIB</subfield>
    <subfield code="c">MAIN</subfield>
    <subfield code="d">2019-02-07</subfield>
    <subfield code="h">18737</subfield>
    <subfield code="l">2</subfield>
    <subfield code="o">610.73 DEN C.4</subfield>
    <subfield code="p">30019896</subfield>
    <subfield code="r">2025-12-05 00:00:00</subfield>
    <subfield code="s">2025-11-27</subfield>
    <subfield code="w">2019-02-07</subfield>
    <subfield code="y">MAIN</subfield>
  </datafield>
</record>
